[Event "Santo Domingo op 08"]
[Site "Santo Domingo"]
[Date "2019.08.14"]
[Round "4"]
[White "Guzman, Christopher"]
[Black "Rodriguez Mejia, Eddy Gabriel"]
[Result "1-0"]
[WhiteElo "2249"]
[BlackElo "1813"]
[PlyCount "67"]
[EventDate "2019.08.12"]
[EventType "swiss"]
[EventRounds "8"]
[EventCountry "DOM"]
[SourceTitle "EXT 2020"]
[Source "ChessBase"]
[SourceDate "2019.10.17"]
[SourceVersion "1"]
[SourceVersionDate "2019.10.17"]
[SourceQuality "1"]

1. e4 d6 2. d4 Nf6 3. Nc3 g6 4. f3 Nbd7 5. Bg5 a6 6. Qd2 b5 7. a4 b4 8. Na2 a5 9. c3 bxc3 10. Nxc3 c6 11. Bd3 Qb6 12. Nge2 Rb8 13. Rb1 Ba6 14. 0-0 Bxd3 15. Qxd3 e5 16. Be3 exd4 17. Bxd4 Ne5 18. Bxb6 Nxd3 19. Bxa5 Bh6 20. Rfd1 Be3+ 21. Kf1 Nxb2 22. Bc7 Nd7 23. Bxb8 Nxd1 24. Nxd1 Bc5 25. Bc7 Ke7 26. Ndc3 Ne5 27. Rb7 Kd7 28. a5 Ra8 29. Bb6+ Kc8 30. Rc7+ Kb8 31. Re7 Bxb6 32. Re8+ Kb7 33. Rxa8 Kxa8 34. axb6 1-0

[Event "Santo Domingo Independencia op"]
[Site "Santo Domingo"]
[Date "2017.02.25"]
[Round "3"]
[White "Gomez Diaz, Leonardo de Jesus"]
[Black "Rodriguez Mejia, Eddy Gabriel"]
[Result "1-0"]
[WhiteElo "1726"]
[BlackElo "1654"]
[PlyCount "93"]
[EventDate "2017.02.24"]
[EventType "swiss"]
[EventRounds "7"]
[EventCountry "DOM"]
[SourceTitle "CBM 177 Extra"]
[Source "ChessBase"]
[SourceDate "2017.04.27"]
[SourceVersion "1"]
[SourceVersionDate "2017.04.27"]
[SourceQuality "1"]

1. e4 c5 2. Nc3 d6 3. Bb5+ Nd7 4. a4 a6 5. Bc4 e6 6. d3 Ngf6 7. Bg5 Be7 8. f4 Nb6 9. Bb3 d5 10. Qe2 d4 11. Nd1 a5 12. Nf3 0-0 13. Bxf6 Bxf6 14. 0-0 Bd7 15. Nf2 Qe8 16. Ng4 Be7 17. Nge5 Bc8 18. Qf2 Qd8 19. Qg3 Rb8 20. h4 f6 21. Ng4 f5 22. exf5 Nd5 23. Nfe5 Kh8 24. Bxd5 exd5 25. h5 Bxf5 26. Qf3 Bxg4 27. Qxg4 Kg8 28. Qe6+ Kh8 29. Nf7+ Rxf7 30. Qxf7 b6 31. Rae1 Bf6 32. Re6 Qf8 33. Qxf8+ Rxf8 34. Rfe1 h6 35. g3 c4 36. Re8 Kg8 37. Rxf8+ Kxf8 38. Re6 Be7 39. Rxb6 c3 40. b3 Kf7 41. Rb5 Bb4 42. Rxd5 Ke6 43. Rb5 Kf6 44. Kg2 Ke6 45. Kf3 Kd6 46. Ke4 Ke6 47. Kxd4 1-0